00400nam a2200145 a 450000100100000000500170001000800410002702000150006804000250008308200190010810000200012724500480014726000330019530000260022800002200520200930011536.0100915s1999 ck r 000 f spa d a0789906880 aDO-SdBNPbspacBNPHU aRD863.4bG886c1 aGruger, Radán13aLa conspiración zelote /cRádan Gruger. aMiami, Fl. :bUnilit,c1999. a441, [3] p. ;c21 cm.